| 000 | 00380nam a22001577a 4500 | ||
|---|---|---|---|
| 003 | OSt | ||
| 008 | 231102b |||||||| |||| 00| 0 eng d | ||
| 041 | _aeng | ||
| 082 |
_a894.8121 _bRAM / V |
||
| 100 |
_aRamakrishnan, KV _95564 |
||
| 245 | _aValmeeki | ||
| 260 |
_aErnakulam: _bCICC Book House, _c1964. |
||
| 300 | _a77pages. | ||
| 650 |
_aMalayalam Poetry _95565 |
||
| 942 | _cBK | ||
| 999 |
_c17772 _d17772 |
||